<?xml version="1.0" encoding="UTF-8"?>
<marc:record xmlns:marc="http://www.loc.gov/MARC21/slim">
   <marc:leader>00000nam a2200000 a 4500</marc:leader>
   <marc:datafield ind1="1" ind2=" " tag="100">
      <marc:subfield code="a">Cinelli, Silvia</marc:subfield>
      <marc:subfield code="4">aut</marc:subfield>
      <marc:subfield code="e">Verfasser/-in</marc:subfield>
   </marc:datafield>
   <marc:datafield ind1="0" ind2="0" tag="245">
      <marc:subfield code="a">Bittersüße Träume</marc:subfield>
   </marc:datafield>
   <marc:datafield ind1="0" ind2="0" tag="245">
      <marc:subfield code="b">Die Geschichte der Familie Campari</marc:subfield>
   </marc:datafield>
   <marc:datafield ind1="0" ind2="0" tag="245">
      <marc:subfield code="c">Cinelli, Silvia</marc:subfield>
   </marc:datafield>
   <marc:datafield ind1=" " ind2="1" tag="264">
      <marc:subfield code="a">München</marc:subfield>
      <marc:subfield code="b">Goldmann</marc:subfield>
      <marc:subfield code="c">2025</marc:subfield>
   </marc:datafield>
   <marc:datafield ind1=" " ind2=" " tag="250">
      <marc:subfield code="a">1. Auflage, deutsche Erstveröffentlichung</marc:subfield>
   </marc:datafield>
   <marc:datafield ind1="1" ind2=" " tag="520">
      <marc:subfield code="a">Mailand 1882: Als Gaspare Campari, der Erfinder des berühmten Bitterlikörs, völlig unerwartet stirbt, übernimmt seine Frau Letizia erfolgreich die Leitung des Unternehmens und des berühmten Künstler-Cafés in der Galleria Vittorio Emanuele. Wenige Jahre später schickt die mutige Witwe ihren Sohn Davide nach Bordeaux, wo er bei einem Likörhersteller in die Lehre gehen soll. Anstatt sich seiner Ausbildung zu widmen, lässt sich der junge Heißsporn jedoch lieber zu einer Reise nach Paris überreden, wo er sich Hals über Kopf in die Soubrette Leda verliebt. Nach einem Jahr Bohème-Leben kehrt Davide schweren Herzens nach Mailand zurück. Fortan möchte er sich ganz auf seine Familie und die Leitung der Likörfabrik konzentrieren. Doch dann steht Leda vor seiner Tür – mit der Bitte, ihr in einer schrecklichen Lage zu helfen ...</marc:subfield>
   </marc:datafield>
   <marc:datafield ind1=" " ind2=" " tag="020">
      <marc:subfield code="a">9783442496129</marc:subfield>
      <marc:subfield code="9">9783442496129</marc:subfield>
   </marc:datafield>
   <marc:datafield ind1=" " ind2=" " tag="020">
      <marc:subfield code="a">3442496128</marc:subfield>
      <marc:subfield code="9">3442496128</marc:subfield>
   </marc:datafield>
   <marc:datafield ind1=" " ind2=" " tag="041">
      <marc:subfield code="a">ger</marc:subfield>
   </marc:datafield>
   <marc:datafield ind1=" " ind2=" " tag="338">
      <marc:subfield code="a">Band</marc:subfield>
   </marc:datafield>
   <marc:datafield ind1=" " ind2=" " tag="300">
      <marc:subfield code="a">443 Seiten</marc:subfield>
   </marc:datafield>
</marc:record>
